Every Song by the Black Crowes - Statistics

General Stats
  • This quiz has been taken 19 times
    7 since last reset
  • The average score is 19 of 126
Answer Stats
Album Song % Correct
By Your Side(1999) By Your Side
80%
Shake Your Money Maker(1990) Jealous Again
60%
The Southern Harmony and Musical Companion(1992) Remedy
60%
Shake Your Money Maker(1990) She Talks to Angels
60%
Shake Your Money Maker(1990) Twice as Hard
60%
amorica.(1994) A Conspiracy
40%
amorica.(1994) High Head Blues
40%
The Southern Harmony and Musical Companion(1992) Hotel Illness
40%
amorica.(1994) Nonfiction
40%
amorica.(1994) P. 25 London
40%
Shake Your Money Maker(1990) Stare It Cold
40%
Shake Your Money Maker(1990) Struttin' Blues
40%
Shake Your Money Maker(1990) Thick n' Thin
40%
The Southern Harmony and Musical Companion(1992) Thorn in My Pride
40%
Happiness Bastards(2024) Wilted Rose
40%
amorica.(1994) Wiser Time
40%
Before the Frost...Until the Freeze(2009) And the Band Played On...
20%
The Southern Harmony and Musical Companion(1992) Bad Luck Blue Eyes Goodbye
20%
amorica.(1994) Ballad in Urgency
20%
Happiness Bastards(2024) Bedside Manners
20%
Before the Frost...Until the Freeze(2009) Been a Long Time (Waiting on Love)
20%
Three Snakes and One Charm(1996) Blackberry
20%
The Southern Harmony and Musical Companion(1992) Black Moon Creeping
20%
Croweology(2010) Boomer's Story
20%
Three Snakes and One Charm(1996) Bring On, Bring On
20%
Lions(2001) Come On
20%
Lions(2001) Cosmic Friend
20%
Shake Your Money Maker(1990) Could I've Been So Blind
20%
Lions(2001) Cypress Tree
20%
amorica.(1994) Descending
20%
By Your Side(1999) Diamond Ring
20%
Happiness Bastards(2024) Dirty Cold Sun
20%
amorica.(1994) Downtown Money Waster
20%
Warpaint(2008) Evergreen
20%
Three Snakes and One Charm(1996) Evil Eye
20%
Three Snakes and One Charm(1996) Girl from a Pawnshop
20%
By Your Side(1999) Go Faster
20%
amorica.(1994) Gone
20%
Warpaint(2008) Goodbye Daughters of the Revolution
20%
Three Snakes and One Charm(1996) Good Friday
20%
Before the Frost...Until the Freeze(2009) Good Morning Captain
20%
By Your Side(1999) Go Tell the Congregation
20%
Lions(2001) Greasy Grass River
20%
By Your Side(1999) Heavy
20%
By Your Side(1999) HorseHead
20%
Three Snakes and One Charm(1996) How Much for Your Wings?
20%
Before the Frost...Until the Freeze(2009) I Ain't Hiding
20%
By Your Side(1999) Kickin' My Heart Around
20%
Lions(2001) Lay It All on Me
20%
Lions(2001) Lickin'
20%
Lions(2001) Midnight from the Inside Out
20%
The Southern Harmony and Musical Companion(1992) My Morning Song
20%
Three Snakes and One Charm(1996) Nebakanezer
20%
The Southern Harmony and Musical Companion(1992) No Speak No Slave
20%
Warpaint(2008) Oh Josephine
20%
Three Snakes and One Charm(1996) One Mirror Too Many
20%
By Your Side(1999) Only a Fool
20%
Three Snakes and One Charm(1996) (Only) Halfway to Everywhere
20%
Lions(2001) Ozone Mama
20%
Before the Frost...Until the Freeze(2009) Roll Old Jeremiah
20%
Shake Your Money Maker(1990) Seeing Things
20%
amorica.(1994) She Gave Good Sunflower
20%
Shake Your Money Maker(1990) Sister Luck
20%
The Southern Harmony and Musical Companion(1992) Sometimes Salvation
20%
The Southern Harmony and Musical Companion(1992) Sting Me
20%
Before the Frost...Until the Freeze(2009) The Garden Gate
20%
By Your Side(1999) Then She Said My Name
20%
Warpaint(2008) There's Gold in Them Hills
20%
Before the Frost...Until the Freeze(2009) The Shady Grove
20%
Three Snakes and One Charm(1996) Under a Mountain
20%
By Your Side(1999) Virtue and Vice
20%
Happiness Bastards(2024) Wanting and Waiting
20%
Warpaint(2008) Whoa Mule
20%
Warpaint(2008) Wounded Bird
20%
Before the Frost...Until the Freeze(2009) Aimless Peacock
0%
Before the Frost...Until the Freeze(2009) Appaloosa
0%
Before the Frost...Until the Freeze(2009) A Train Still Makes a Lonely Sound
0%
Three Snakes and One Charm(1996) Better When You're Not Alone
0%
Happiness Bastards(2024) Bleed It Dry
0%
Shake Your Money Maker(Bonus)(1990) Charming Mess
0%
amorica.(Bonus)(1994) Chevrolet
0%
Happiness Bastards(2024) Cross Your Fingers
0%
amorica.(1994) Cursed Diamond
0%
Shake Your Money Maker(Bonus)(1990) Don't Wake Me
0%
Wiser for the Time(2013) Exit
0%
Happiness Bastards(2024) Flesh Wound
0%
Happiness Bastards(2024) Follow the Moon
0%
Before the Frost...Until the Freeze(2009) Fork in the River
0%
Before the Frost...Until the Freeze(2009) Greenhorn
0%
By Your Side(Bonus)(1999) Grows a Rose
0%
Warpaint(Bonus)(2008) Here Comes Daylight
0%
Before the Frost...Until the Freeze(2009) Houston Don't Dream About Me
0%
By Your Side(Bonus)(1999) It Must Be Over
0%
Three Snakes and One Charm(Bonus)(1996) Just Say You're Sorry
0%
Before the Frost...Until the Freeze(2009) Kept My Soul
0%
Happiness Bastards(2024) Kindred Friend
0%
Before the Frost...Until the Freeze(2009) Lady of Avenue A
0%
Three Snakes and One Charm(1996) Let Me Share the Ride
0%
Shake Your Money Maker(1990) Live Too Fast Blues
0%
Warpaint(2008) Locust Street
0%
Lions(2001) Losing My Mind
0%
Lions(Bonus)(2001) Love is Now
0%
Before the Frost...Until the Freeze(2009) Make Glad
0%
Shake Your Money Maker(Hidden)(1990) Mercy, Sweet Moan
0%
Lions(2001) Miracle to Me
0%
Warpaint(2008) Movin' On Down the Line
0%
Lions(2001) No Use Lying
0%
By Your Side(Bonus)(1999) Peace Anyway
0%
Happiness Bastards(2024) Rats and Clowns
0%
Before the Frost...Until the Freeze(2009) Shine Along
0%
By Your Side(Bonus)(1999) Smile
0%
amorica.(Bonus)(1994) Song of the Flesh
0%
Lions(2001) Soul Singing
0%
amorica.(Bonus)(1994) Sunday Night Buttermilk Waltz
0%
Before the Frost...Until the Freeze(2009) The Last Place That Love Lives
0%
Wiser for the Time(2013) Tied Up & Swallowed
0%
amorica.(Bonus)(1994) Tied Up and Swallowed
0%
Wiser for the Time(2013) Title Song
0%
Wiser for the Time(2013) Waiting Guilty
0%
Shake Your Money Maker(Bonus)(1990) Waitin' Guilty
0%
Warpaint(2008) Walk Believer Walk
0%
Warpaint(2008) Wee Who See the Deep
0%
By Your Side(1999) Welcome to the Goodtimes
0%
Before the Frost...Until the Freeze(2009) What is Home?
0%
By Your Side(Bonus)(1999) You Don't Have to Go
0%
Lions(2001) Young Man, Old Man
0%
No matching quizzes found
Score Distribution
Percent of People with Each Score
Percentile by Number Answered
Your Score History
You have not taken this quiz since the last reset